Beneficial Co-Utilization of Agricultural, Municipal and Industrial by-Products /

The potential for blending residuals to create valuable products that are publicly accepted is an example of recycling at its best. Previously, much of the research done on reuse of residuals has centered on potential negative effects. Generally, blending of materials has been done in a relatively h...

Full description

Bibliographic Details
Main Author: Brown, Sally
Corporate Author: SpringerLink (Online service)
Other Authors: Angle, J. Scott, Jacobs, Lee
Format: eBook
Language:English
Published: Dordrecht : Springer Netherlands, 1998.
Subjects:
Online Access:Connect to the full text of this electronic book

MARC

Tag First Indicator Second Indicator Subfields
LEADER 00000cam a2200000Ma 4500
001 in00003545652
006 m o d
007 cr nn|||||||||
008 121227s1998 ne o 000 0 eng d
005 20260420213841.7
020 |a 9789401150682 (electronic bk.) 
020 |a 9401150680 (electronic bk.) 
035 |a (OCoLC)840311077 
040 |a I9W  |b eng  |e pn  |c I9W  |d OCLCQ  |d GW5XE  |d OCLCF  |d OCLCO  |d UtOrBLW 
049 |a TXAM 
050 4 |a TD796.5 
082 0 4 |a 363.72/82  |2 21 
100 1 |a Brown, Sally. 
245 1 0 |a Beneficial Co-Utilization of Agricultural, Municipal and Industrial by-Products /  |c edited by Sally Brown, J. Scott Angle, Lee Jacobs. 
264 1 |a Dordrecht :  |b Springer Netherlands,  |c 1998. 
300 |a 1 online resource (444 pages) 
336 |a text  |b txt  |2 rdacontent 
337 |a computer  |b c  |2 rdamedia 
338 |a online resource  |b cr  |2 rdacarrier 
520 |a The potential for blending residuals to create valuable products that are publicly accepted is an example of recycling at its best. Previously, much of the research done on reuse of residuals has centered on potential negative effects. Generally, blending of materials has been done in a relatively haphazard fashion. There is a growing understanding that residuals can be deliberately mixed for specific end uses. This is the initial phase of transition from residuals disposal to product development. The XXII Annual Beltsville Symposium focused on the range of factors that need to be taken into account for any co-utilization program to be successful. The proceedings include research reports as well as reports from the private sector. Potential uses for co-utilization products as well as areas requiring more research are outlined. 
500 |a Electronic resource. 
650 0 |a Compost  |v Congresses. 
650 0 |a Agricultural wastes  |x Recycling  |v Congresses. 
650 0 |a Factory and trade waste  |x Recycling  |v Congresses. 
650 0 |a Waste products  |x Recycling  |v Congresses. 
650 0 |a Refuse and refuse disposal  |v Congresses. 
650 7 |a Agricultural wastes  |x Recycling.  |2 fast  |0 (OCoLC)fst00801347 
650 7 |a Compost.  |2 fast  |0 (OCoLC)fst00871782 
650 7 |a Factory and trade waste  |x Recycling.  |2 fast  |0 (OCoLC)fst00919766 
650 7 |a Refuse and refuse disposal.  |2 fast  |0 (OCoLC)fst01092888 
650 7 |a Waste products  |x Recycling.  |2 fast  |0 (OCoLC)fst01171072 
655 7 |a Electronic books.  |2 local 
655 7 |a Conference proceedings.  |2 fast  |0 (OCoLC)fst01423772 
700 1 |a Angle, J. Scott. 
700 1 |a Jacobs, Lee. 
710 2 |a SpringerLink (Online service) 
856 4 0 |u http://proxy.library.tamu.edu/login?url=https://link.springer.com/10.1007/978-94-011-5068-2  |z Connect to the full text of this electronic book  |t 0 
994 |a 92  |b TXA 
999 |a MARS 
999 f f |s 17479943-aebf-3ac7-aab5-83f0f78c3d93  |i 2c49c776-b751-3148-aa85-18e6ef09a5e3  |t 0 
952 f f |a Texas A&M University  |b College Station  |c Electronic Resources  |s www_evans  |d Available Online  |t 0  |e TD796.5  |h Library of Congress classification 
998 f f |a TD796.5  |t 0  |l Available Online